000 00628nam a2200169 4500
008 01993 1990 0a 000 0MEX
020 _a0-07-024989-X
050 _aTJ211 G876
082 _a001.535 G664r
100 _aGroover, Mikell P.
245 _aRobotica Industrial: Tecnologia, programación y aplicaciones / Mikell P. Groover...[et al.]
260 _aMéxico: McGraw-Hill
300 _axvi, 560 p. / 24 cm.
500 _aIncluye contenido índice y referencias.
650 _a1. LASERES \ 2. ROBOTS INDUSTRIALES \ 3. VUELO ESPACIAL
700 _aDormido, Bencomo, Sebastian, Tr. \ Vaquero Sanchez Antonio Rev.
999 _c11729
_d11729